Top 20 des villes les plus peuplées de la Manche - Statistiques

Statistiques générales
  • Ce quiz a été pris 60 fois
  • Le résultat moyen est 8 sur 20
Statistiques - réponses
Population Villes % Correct
77 808 Cherbourg-en-Cotentin
100%
19 373 Saint-Lô
90%
10 240 Avranches
82%
12 581 Granville
80%
8 353 Coutances
69%
6 791 Valognes
55%
11 223 La Hague
47%
5 747 Saint-Hilaire-du-Harcouët
35%
4 334 Pontorson
31%
10 220 Carentan-les-Marais
27%
4 890 Saint-James
27%
5 867 Bricquebec-en-Cotentin
22%
4 255 Agneaux
20%
4 106 Condé-sur-Vire
20%
3 472 Bréhal
16%
4 439 Torigny-les-Villes
12%
4 238 Saint-Pair-sur-Mer
10%
3 851 Villedieu-les-Poêles-Rouffigny
10%
3 362 Saint-Sauveur-Villages
8%
3 971 La Haye-du-Puits
6%
Aucun quiz correspondant
Distribution des résultats
% des personnes avec chaque résultat
Percentile par nombre de réponses
Votre historique - résultats
Vous n’avez pas pris ce quiz